The Strategic Treasurer: A Partnership for Corporate Growth (E-BOOK) (Record no. 213240)

000 -LEADER
fixed length control field 00402 a2200157 4500
003 - CONTROL NUMBER IDENTIFIER
control field Nust
005 - DATE AND TIME OF LATEST TRANSACTION
control field 20170207165830.0
020 ## - INTERNATIONAL STANDARD BOOK NUMBER
International Standard Book Number 9780470407776 (inb.)
040 ## - CATALOGING SOURCE
Transcribing agency Nust
082 ## - DEWEY DECIMAL CLASSIFICATION NUMBER
Classification number 658.15
100 1# - MAIN ENTRY--PERSONAL NAME
Personal name Jeffery, Craig A.
245 14 - TITLE STATEMENT
Title The Strategic Treasurer: A Partnership for Corporate Growth (E-BOOK)
Statement of responsibility, etc. Craig A.Jeffery,
260 ## - PUBLICATION, DISTRIBUTION, ETC.
Name of publisher, distributor, etc. John Wiley & Sons,
Date of publication, distribution, etc. 2009
300 ## - PHYSICAL DESCRIPTION
Extent 321 p
651 ## - SUBJECT ADDED ENTRY--GEOGRAPHIC NAME
Geographic name E-Book
942 ## - ADDED ENTRY ELEMENTS (KOHA)
Source of classification or shelving scheme
Koha item type Book
Holdings
Withdrawn status Lost status Source of classification or shelving scheme Damaged status Not for loan Collection code Permanent Location Current Location Date acquired Total Checkouts Full call number Barcode Date last seen Price effective from Koha item type
            Military College of Signals (MCS) Military College of Signals (MCS) 12/12/2016   658.15 CRA MCSEB-3235 12/08/2016 12/12/2016 Book
© 2023 Central Library, National University of Sciences and Technology. All Rights Reserved.